000 00609nam a22001817a 4500
003 0
005 20230814073946.0
008 230814b xxu||||| |||| 00| 0 eng d
020 _a978-0692052655
050 _aDS 686.6
_b.Ar75 2018
100 _aArillo, Cecilio T.
245 _aThe Marcos legacy : clear, intense, and objective narration and exposition of events
_cCecilio T. Arillo
260 _aParaƱaque City
_bBrown Madonna Press, Inc.
_cc2018
300 _aix, 448 pp. ;
_c22 cm.
504 _aIncludes bibliographical references and index.
600 _aMarcos, Ferdinand E.
942 _2lcc
_cBK
999 _c365142
_d365142